000 01129cam a22002653a 4500
001 23989
003 PGUSA
005 20140828083519.0
008 071224s2007||||xxu|||||s|||||000 1 eng d
040 _aPGUSA
_beng
042 _adc
050 4 _aPZ
100 1 _aAbbott, Jacob,
_d1803-1879
245 1 0 _aCaleb in the Country
_h[electronic resource] /
_cJacob Abbott
260 _bProject Gutenberg,
_c2007
500 _aImages of the original pages are available through the Florida Board of Education, Division of Colleges and Universities, PALMM Project (Preservation and Access for American and British Children's Literature). See http://fulltext10.fcla.edu/cgi/t/text/text-idx?c=juv&idno=UF00002184&format=jpg or http://fulltext10.fcla.edu/cgi/t/text/text-idx?c=juv&idno=UF00002184&format=pdf
506 _aPublic domain in the USA.
516 _aElectronic text
653 _aGrandmothers -- Juvenile fiction
653 _aChristian life -- Juvenile fiction
653 _aCountry life -- Juvenile fiction
830 0 _aProject Gutenberg
_v23989
856 4 0 _uhttp://www.gutenberg.org/ebooks/23989
942 _cEB
999 _c253244
_d253244